01446nam a2200361 a 4500001001000000003000500010005001700015008004100032010001100073011001100084040000900095090001000104100003800114245007300152260004100225500006000266502007700326590004100403590004000444590004000484590004000524650004100564650002600605650003500631650003000666856007000696901000700766942001000773942000600783999001900789952014000808952013600948000111166CHAP20220329144201.0141210s2014 mx fsm |||||||spa d a107628 a108600 cCHAP aTesis1 aSoriano Martínez, Edgar912898910aVerosimilitud compuestah[En línea]cpor Edgar Soriano Martínez. aChapingo, Méx. :bEl autor,c2014. aPara ver el contenido del material haga clic en la liga aTesis (Lic. en Estadística) -- UACH. División de Ciencias Forestales aE11695DGDb10c20141215lUCH01h1453 aE5995AHEb05c20141210lUCH01h1132 aE5995AHEb05c20141210lUCH01h1133 aE5995AHEb05c20141210lUCH01h114514aCorrelaciones (Estadística)92824614aEstadística.93824114aModelos estadísticos.97641714aProceso de Markov.991822 aFinding aiduhttp://10.13.5.2/tesis/sist111166.pdfzTeclea aquí aBK cTESIS n0 c107628d107628 00102local4053708TESISaBCbBCcPA_TESISd2014-12-10fTESISl0oTesisp33724002439611r2019-12-31 00:00:00tc.2w2019-12-31yTESIS 00104054718TESISaBCbBCd2014-12-10fTESISl0oTesisp33724002439652r2019-12-31 00:00:00w2019-12-31yTESISzRecien adquirido